[Event "Hastings Masters"]
[Site "Horntye, Hastings"]
[Date "2017.12.31"]
[Round "4.21"]
[White "Sun, Xinyue"]
[Black "Salmons, Calum"]
[Result "1-0"]
[BlackElo "1756"]
[WhiteElo "2146"]
[LiveChessVersion "1.4.8"]

1. e4 c5 {[%clk 1:40:08]} 2. Nf3 {[%clk 1:41:18]} d6 {[%clk 1:40:33]} 3. c3
{[%clk 1:41:41]} Nf6 {[%clk 1:40:27]} 4. Be2 {[%clk 1:42:03]} Bd7
{[%clk 1:40:07]} 5. d3 {[%clk 1:41:11]} g6 {[%clk 1:39:57]} 6. O-O
{[%clk 1:38:26]} Bg7 {[%clk 1:38:14]} 7. Nbd2 {[%clk 1:34:22]} Bc6
{[%clk 1:34:13]} 8. Qc2 {[%clk 1:32:03]} Na6 {[%clk 1:32:11]} 9. d4
{[%clk 1:21:20]} cxd4 {[%clk 1:29:01]} 10. Nxd4 {[%clk 1:21:48]} Nc5
{[%clk 1:27:17]} 11. b4 {[%clk 1:06:21]} Ne6 {[%clk 1:14:57]} 12. Nxe6
{[%clk 0:58:13]} fxe6 {[%clk 1:14:20]} 13. b5 {[%clk 0:56:44]} Bd7
{[%clk 1:14:00]} 14. f4 {[%clk 0:46:14]} O-O {[%clk 1:10:06]} 15. Kh1
{[%clk 0:44:59]} Rc8 {[%clk 1:08:08]} 16. Bb2 {[%clk 0:45:15]} Qb6
{[%clk 1:01:45]} 17. Nc4 {[%clk 0:41:46]} Qc7 {[%clk 0:59:37]} 18. e5 dxe5
{[%clk 0:46:16]} 19. Nxe5 {[%clk 0:36:33]} Nd5 {[%clk 0:44:32]} 20. Rad1
{[%clk 0:33:14]} Bxe5 {[%clk 0:41:15]} 21. fxe5 {[%clk 0:33:36]} Rxf1+
{[%clk 0:40:37]} 22. Rxf1 {[%clk 0:32:07]} Ne3 {[%clk 0:40:10]} 23. Qe4
{[%clk 0:32:27]} Nxf1 {[%clk 0:40:11]} 24. Bxf1 {[%clk 0:32:56]} Rf8
{[%clk 0:39:56]} 25. Bd3 {[%clk 0:32:47]} a6 {[%clk 0:39:42]} 26. a4
{[%clk 0:30:10]} axb5 {[%clk 0:39:08]} 27. axb5 {[%clk 0:30:36]} Qb6
{[%clk 0:35:21]} 28. c4 {[%clk 0:27:16]} Qf2 {[%clk 0:33:49]} 29. Bd4
{[%clk 0:26:43]} Qd2 {[%clk 0:30:47]} 30. h3 {[%clk 0:21:43]} Bc8
{[%clk 0:25:18]} 31. Be3 {[%clk 0:19:04]} Qd1+ {[%clk 0:25:18]} 32. Kh2
{[%clk 0:19:31]} Rd8 {[%clk 0:24:51]} 33. Bc2 {[%clk 0:19:15]} Qe2
{[%clk 0:24:56]} 34. Bb1 {[%clk 0:12:03]} Rd1 {[%clk 0:22:02]} 35. Bc5
{[%clk 0:11:09]} Qf1 {[%clk 0:13:36]} 36. Bc2 {[%clk 0:11:21]} Rd2
{[%clk 0:10:53]} 37. Be3 {[%clk 0:08:27]} Rd8 {[%clk 0:09:34]} 38. Qg4
{[%clk 0:06:46]} Qf7 {[%clk 0:06:11]} 39. Be4 {[%clk 0:06:32]} Qg7
{[%clk 0:05:09]} 40. Qg3 {[%clk 0:04:10]} Rd1 {[%clk 0:02:47]} 41. Bc2
{[%clk 0:00:38]} Rd8 {[%clk 0:01:11]} 1-0

[Event "Hastings Masters"]
[Site "Horntye, Hastings"]
[Date "2017.12.31"]
[Round "4.22"]
[White "Ter Steeg, Marcus"]
[Black "Royset, Pal"]
[Result "0-1"]
[BlackElo "2208"]
[WhiteElo "2066"]
[LiveChessVersion "1.4.8"]

1. d4 {[%clk 1:37:28]} Nf6 {[%clk 1:40:20]} 2. c4 {[%clk 1:37:39]} e6
{[%clk 1:40:37]} 3. g3 {[%clk 1:37:53]} c5 {[%clk 1:40:07]} 4. Nf3
{[%clk 1:35:14]} d5 {[%clk 1:38:30]} 5. cxd5 {[%clk 1:35:08]} exd5
{[%clk 1:36:08]} 6. Bg2 {[%clk 1:35:24]} Nc6 {[%clk 1:36:14]} 7. O-O
{[%clk 1:35:29]} c4 {[%clk 1:34:04]} 8. Ne5 {[%clk 1:32:43]} Qc7 {[%clk 1:28:12]}
9. Bf4 {[%clk 1:13:33]} Bd6 {[%clk 1:25:22]} 10. Nc3 {[%clk 1:10:16]} a6
{[%clk 1:21:33]} 11. Nxd5 {[%clk 1:08:52]} Nxd5 {[%clk 1:21:50]} 12. Bxd5
{[%clk 1:09:11]} Nxe5 {[%clk 1:21:01]} 13. dxe5 {[%clk 1:09:03]} Bxe5
{[%clk 1:20:48]} 14. Bxe5 {[%clk 1:04:44]} Qxe5 {[%clk 1:21:05]} 15. Bxc4
{[%clk 1:02:13]} Qxb2 {[%clk 1:11:58]} 16. Qa4+ {[%clk 0:53:44]} Bd7
{[%clk 1:02:40]} 17. Bxf7+ {[%clk 0:53:35]} Ke7 {[%clk 1:03:05]} 18. Qb3
{[%clk 0:52:21]} Qxb3 {[%clk 0:58:15]} 19. Bxb3 {[%clk 0:52:48]} b5
{[%clk 0:56:43]} 20. a3 {[%clk 0:41:10]} a5 {[%clk 0:55:11]} 21. Bd5
{[%clk 0:26:13]} Rac8 {[%clk 0:52:51]} 22. Rfc1 {[%clk 0:25:55]} Rxc1+
{[%clk 0:47:31]} 23. Rxc1 {[%clk 0:26:23]} b4 {[%clk 0:47:34]} 24. axb4
{[%clk 0:21:09]} axb4 {[%clk 0:47:56]} 25. Rb1 {[%clk 0:20:19]} Kd6
{[%clk 0:45:40]} 26. e4 {[%clk 0:17:18]} Rb8 {[%clk 0:45:30]} 27. Kf1
{[%clk 0:16:52]} Ba4 {[%clk 0:32:58]} 28. Ke2 {[%clk 0:12:11]} Bc2
{[%clk 0:30:30]} 29. Rb2 {[%clk 0:12:39]} b3 {[%clk 0:30:48]} 30. Kd2
{[%clk 0:12:20]} Ke5 {[%clk 0:30:34]} 31. Ke3 {[%clk 0:09:39]} Rb4
{[%clk 0:28:39]} 32. f4+ {[%clk 0:07:37]} Kd6 {[%clk 0:28:54]} 33. g4
{[%clk 0:06:03]} Kc5 {[%clk 0:28:10]} 34. g5 {[%clk 0:05:30]} Rb6
{[%clk 0:23:56]} 35. f5 {[%clk 0:03:56]} Kb4 {[%clk 0:21:22]} 36. Kd2
{[%clk 0:03:10]} Ka3 {[%clk 0:16:56]} 37. Kc1 {[%clk 0:02:48]} Kb4
{[%clk 0:10:04]} 38. h4 {[%clk 0:01:15]} Kc3 {[%clk 0:10:22]} 39. e5
{[%clk 0:00:37]} Ra6 {[%clk 0:10:05]} 40. Rxb3+ {[%clk 0:00:44]} Bxb3
{[%clk 0:10:19]} 0-1

[Event "Hastings Masters"]
[Site "Horntye, Hastings"]
[Date "2017.12.31"]
[Round "4.23"]
[White "August, Daniel"]
[Black "Anderson, John"]
[Result "1-0"]
[BlackElo "2184"]
[WhiteElo "2056"]
[LiveChessVersion "1.4.8"]

1. d4 {[%clk 1:40:57]} d5 {[%clk 1:40:34]} 2. Bf4 {[%clk 1:41:17]} Nf6
{[%clk 1:40:34]} 3. e3 {[%clk 1:41:33]} c5 {[%clk 1:40:15]} 4. c3
{[%clk 1:41:57]} Qb6 {[%clk 1:39:29]} 5. Qb3 {[%clk 1:39:23]} Nc6
{[%clk 1:38:53]} 6. Nd2 {[%clk 1:38:47]} c4 {[%clk 1:37:20]} 7. Qc2
{[%clk 1:39:07]} g6 {[%clk 1:36:25]} 8. e4 {[%clk 1:33:16]} Nxe4 {[%clk 1:27:18]}
9. Nxe4 {[%clk 1:33:41]} dxe4 {[%clk 1:27:42]} 10. Bxc4 {[%clk 1:33:45]} Bg7
{[%clk 1:23:19]} 11. Be3 {[%clk 1:32:16]} Qc7 {[%clk 1:13:26]} 12. Ne2
{[%clk 1:20:26]} O-O {[%clk 1:12:13]} 13. Bd5 {[%clk 1:10:28]} Nb4
{[%clk 1:09:25]} 14. Qb3 {[%clk 1:10:21]} Nxd5 {[%clk 1:09:25]} 15. Qxd5
{[%clk 1:10:46]} Bf5 {[%clk 1:06:04]} 16. Ng3 {[%clk 1:10:26]} Be6
{[%clk 0:39:55]} 17. Qxe4 {[%clk 1:06:45]} Qc4 {[%clk 0:38:58]} 18. f3
{[%clk 0:54:41]} f5 {[%clk 0:34:53]} 19. Qf4 {[%clk 0:54:55]} h6 {[%clk 0:33:55]}
20. h4 {[%clk 0:53:46]} Bd5 {[%clk 0:31:29]} 21. Kf2 {[%clk 0:52:38]} Rae8
{[%clk 0:30:34]} 22. Rhe1 {[%clk 0:48:34]} b5 {[%clk 0:28:54]} 23. Ne2
{[%clk 0:46:53]} a5 {[%clk 0:26:52]} 24. Qg3 {[%clk 0:44:46]} Kh7
{[%clk 0:25:18]} 25. Bf4 {[%clk 0:44:40]} Qc6 {[%clk 0:18:19]} 26. Be5
{[%clk 0:42:46]} a4 {[%clk 0:16:23]} 27. Bxg7 {[%clk 0:42:32]} Kxg7
{[%clk 0:16:51]} 28. Qe5+ {[%clk 0:42:51]} Rf6 {[%clk 0:14:39]} 29. Nf4
{[%clk 0:41:58]} Bf7 {[%clk 0:15:07]} 30. a3 {[%clk 0:36:04]} Kh7
{[%clk 0:14:48]} 31. Rad1 {[%clk 0:35:02]} Bb3 {[%clk 0:13:19]} 32. Rd2
{[%clk 0:34:56]} Bc4 {[%clk 0:13:39]} 33. Rdd1 {[%clk 0:28:40]} Bb3
{[%clk 0:13:22]} 34. Rc1 {[%clk 0:28:50]} Bc4 {[%clk 0:13:44]} 35. Re3
{[%clk 0:28:38]} Kg8 {[%clk 0:10:04]} 36. Rce1 {[%clk 0:27:15]} Kf7
{[%clk 0:10:31]} 37. Nd3 {[%clk 0:19:56]} Bxd3 {[%clk 0:04:23]} 38. Rxd3
{[%clk 0:20:13]} Rd6 {[%clk 0:03:17]} 39. Qf4 {[%clk 0:18:18]} Kg7
{[%clk 0:03:17]} 40. Rde3 {[%clk 0:17:50]} e6 {[%clk 0:03:45]} 41. Re5
{[%clk 0:17:37]} Rd5 {[%clk 0:02:26]} 42. Rxd5 {[%clk 0:15:55]} Qxd5
{[%clk 0:02:01]} 43. Qc7+ {[%clk 0:12:06]} Kf6 {[%clk 0:01:44]} 44. Qh7
{[%clk 0:11:13]} h5 {[%clk 0:01:10]} 45. Qc7 {[%clk 0:10:55]} Qc4
{[%clk 0:48:47]} 46. Qd7 {[%clk 0:58:08]} Re7 {[%clk 0:48:52]} 47. Qd8
{[%clk 0:58:28]} Kf7 {[%clk 0:49:13]} 48. Re2 {[%clk 0:57:22]} Qb3
{[%clk 0:45:39]} 49. Qd6 {[%clk 0:56:35]} Qd1 {[%clk 0:44:46]} 50. Qe5
{[%clk 0:52:55]} Qd3 {[%clk 0:40:53]} 51. Kg3 {[%clk 0:50:11]} Qc4
{[%clk 0:40:22]} 52. Kf4 {[%clk 0:49:57]} Qc7 {[%clk 0:37:15]} 53. Kg5
{[%clk 0:46:10]} Qxe5 {[%clk 0:37:29]} 54. Rxe5 {[%clk 0:46:34]} Rb7
{[%clk 0:37:36]} 55. Rc5 {[%clk 0:45:55]} Kg7 {[%clk 0:37:49]} 56. Rc8
{[%clk 0:45:29]} Rd7 {[%clk 0:37:49]} 57. Rb8 {[%clk 0:45:39]} e5
{[%clk 0:35:58]} 58. dxe5 {[%clk 0:45:28]} Rd2 {[%clk 0:36:25]} 59. Rb7+
{[%clk 0:45:45]} Kf8 {[%clk 0:36:53]} 60. Kf6 {[%clk 0:46:08]} Kg8
{[%clk 0:36:59]} 61. e6 {[%clk 0:46:24]} 1-0

[Event "Hastings Masters"]
[Site "Horntye, Hastings"]
[Date "2017.12.31"]
[Round "4.24"]
[White "Berger, Konstantin"]
[Black "Eames, Robert S"]
[Result "0-1"]
[BlackElo "2159"]
[WhiteElo "2041"]
[LiveChessVersion "1.4.8"]

1. e4 {[%clk 1:34:11]} d6 {[%clk 1:40:41]} 2. d4 {[%clk 1:34:07]} Nf6
{[%clk 1:41:03]} 3. Nc3 {[%clk 1:34:31]} g6 {[%clk 1:41:24]} 4. f4
{[%clk 1:34:54]} Bg7 {[%clk 1:41:44]} 5. Nf3 {[%clk 1:35:17]} O-O
{[%clk 1:41:54]} 6. Bd3 {[%clk 1:35:01]} Nc6 {[%clk 1:40:58]} 7. O-O
{[%clk 1:29:57]} e5 {[%clk 1:40:23]} 8. fxe5 {[%clk 1:27:51]} dxe5
{[%clk 1:40:37]} 9. d5 {[%clk 1:27:55]} Ne7 {[%clk 1:40:31]} 10. Ne2
{[%clk 1:22:46]} Nexd5 {[%clk 1:38:43]} 11. Bg5 {[%clk 1:15:40]} h6
{[%clk 1:30:41]} 12. Bd2 {[%clk 1:13:12]} Nb6 {[%clk 1:22:58]} 13. Qc1
{[%clk 1:12:37]} Kh7 {[%clk 1:21:45]} 14. Nxe5 {[%clk 1:09:29]} Qe7
{[%clk 1:14:05]} 15. Nf3 {[%clk 1:02:44]} Nxe4 {[%clk 1:10:58]} 16. Bxe4
{[%clk 0:59:24]} Qxe4 {[%clk 1:11:10]} 17. Nc3 {[%clk 0:59:36]} Qc6
{[%clk 1:08:29]} 18. Qe1 {[%clk 0:56:48]} Nc4 {[%clk 1:07:02]} 19. Bc1
{[%clk 0:55:41]} Bg4 {[%clk 0:58:25]} 20. Qh4 {[%clk 0:46:48]} Qc5+
{[%clk 0:51:11]} 21. Kh1 {[%clk 0:46:49]} Qh5 {[%clk 0:51:15]} 22. Qg3
{[%clk 0:44:08]} c6 {[%clk 0:38:17]} 23. Ne2 {[%clk 0:37:33]} Bxf3
{[%clk 0:33:29]} 24. Rxf3 {[%clk 0:37:39]} Rad8 {[%clk 0:32:43]} 25. Bf4
{[%clk 0:34:46]} g5 {[%clk 0:32:03]} 26. Bc7 {[%clk 0:31:16]} Rd7
{[%clk 0:30:57]} 27. Rd3 {[%clk 0:24:41]} Rxc7 {[%clk 0:27:47]} 28. Qxc7
{[%clk 0:25:03]} Qxe2 {[%clk 0:27:05]} 29. Rd7 {[%clk 0:23:03]} Be5
{[%clk 0:16:15]} 30. Qxb7 {[%clk 0:21:34]} Qh5 {[%clk 0:12:11]} 31. h3
{[%clk 0:22:00]} Qg6 {[%clk 0:08:16]} 32. Rf1 {[%clk 0:22:11]} Kg7
{[%clk 0:08:12]} 33. Qxa7 {[%clk 0:20:52]} Qe6 {[%clk 0:06:27]} 34. b3
{[%clk 0:18:27]} Nd6 {[%clk 0:06:31]} 35. Re7 {[%clk 0:18:07]} Qd5
{[%clk 0:05:35]} 36. c4 {[%clk 0:16:44]} Qd3 {[%clk 0:04:50]} 37. Qf2
{[%clk 0:12:50]} Bf4 {[%clk 0:04:44]} 38. Qf3 {[%clk 0:11:09]} Qxf3
{[%clk 0:03:22]} 39. Rxf3 {[%clk 0:11:27]} Nf5 {[%clk 0:03:36]} 40. Re1
{[%clk 0:09:15]} Rd8 {[%clk 0:03:20]} 41. Kg1 {[%clk 0:34:43]} Rd2
{[%clk 0:47:33]} 42. a3 {[%clk 0:34:11]} Nd4 {[%clk 0:45:49]} 43. Rf2
{[%clk 0:32:04]} Rd3 {[%clk 0:45:42]} 44. Ra2 {[%clk 0:29:39]} Nxb3
{[%clk 0:44:12]} 45. a4 {[%clk 0:28:48]} Na5 {[%clk 0:44:23]} 46. Re8
{[%clk 0:19:09]} Rc3 {[%clk 0:41:43]} 47. Ra8 {[%clk 0:16:58]} Bc7
{[%clk 0:40:58]} 48. Kf1 {[%clk 0:14:35]} Rxc4 {[%clk 0:36:05]} 49. Ra7
{[%clk 0:14:12]} Bb6 {[%clk 0:35:55]} 50. Ra6 {[%clk 0:14:38]} Rb4
{[%clk 0:35:39]} 51. Ke2 {[%clk 0:14:49]} c5 {[%clk 0:29:34]} 52. Kd3
{[%clk 0:14:18]} f5 {[%clk 0:28:17]} 53. Kc3 {[%clk 0:10:45]} Bd8
{[%clk 0:21:18]} 54. Ra8 {[%clk 0:10:27]} Bf6+ {[%clk 0:20:18]} 55. Kc2
{[%clk 0:10:16]} Rc4+ {[%clk 0:18:23]} 56. Kd3 {[%clk 0:10:40]} Rd4+
{[%clk 0:15:03]} 57. Ke2 {[%clk 0:10:05]} Re4+ {[%clk 0:14:38]} 58. Kf3
{[%clk 0:09:49]} Bc3 {[%clk 0:12:59]} 59. Ra6 {[%clk 0:08:13]} h5
{[%clk 0:11:08]} 60. Ra3 {[%clk 0:07:58]} g4+ {[%clk 0:09:28]} 61. hxg4
{[%clk 0:08:09]} hxg4+ {[%clk 0:09:50]} 62. Kf2 {[%clk 0:07:12]} Bd4+
{[%clk 0:10:03]} 63. Kg3 {[%clk 0:06:59]} Be5+ {[%clk 0:10:16]} 64. Kh4
{[%clk 0:04:14]} Bf6+ {[%clk 0:08:26]} 65. Kh5 {[%clk 0:04:44]} Nc4
{[%clk 0:08:14]} 66. Ra7+ {[%clk 0:04:26]} Be7 {[%clk 0:08:13]} 67. Rb3
{[%clk 0:04:10]} Kf7 {[%clk 0:05:48]} 68. Rb1 {[%clk 0:02:33]} g3
{[%clk 0:04:46]} 69. Rh1 {[%clk 0:02:18]} Ne3 {[%clk 0:04:10]} 70. Rh3
{[%clk 0:01:47]} Rg4 {[%clk 0:03:53]} 71. Rxe7+ {[%clk 0:01:48]} Kxe7
{[%clk 0:04:08]} 72. a5 {[%clk 0:01:47]} Nxg2 {[%clk 0:04:19]} 73. Rh1
{[%clk 0:01:51]} Nf4+ {[%clk 0:04:22]} 74. Kh6 {[%clk 0:02:18]} g2
{[%clk 0:03:48]} 75. Rg1 {[%clk 0:02:33]} Kf6 {[%clk 0:03:57]} 76. Kh7
{[%clk 0:02:30]} Ne2 {[%clk 0:03:56]} 77. Rb1 {[%clk 0:02:52]} g1=Q
{[%clk 0:04:11]} 78. Rb6+ {[%clk 0:02:57]} Ke5 {[%clk 0:04:25]} 79. a6
{[%clk 0:03:05]} Rg7+ {[%clk 0:04:39]} 80. Kh8 {[%clk 0:03:29]} Rg8+
{[%clk 0:05:00]} 81. Kh7 {[%clk 0:03:55]} Qg7# {[%clk 0:05:20]} 0-1

[Event "Hastings Masters"]
[Site "Horntye, Hastings"]
[Date "2017.12.31"]
[Round "4.25"]
[White "Hewson, Brian W R"]
[Black "Snape, Ian L"]
[Result "1-0"]
[BlackElo "2152"]
[WhiteElo "2007"]
[LiveChessVersion "1.4.8"]

1. d4 {[%clk 1:40:54]} d6 {[%clk 1:40:50]} 2. Nc3 {[%clk 1:39:38]} Nf6
{[%clk 1:41:02]} 3. g3 {[%clk 1:39:49]} g6 {[%clk 1:40:42]} 4. Bg2
{[%clk 1:40:11]} Bg7 {[%clk 1:41:06]} 5. Nf3 {[%clk 1:37:04]} Nbd7
{[%clk 1:40:41]} 6. e4 {[%clk 1:34:58]} e5 {[%clk 1:41:00]} 7. dxe5
{[%clk 1:30:10]} dxe5 {[%clk 1:41:13]} 8. O-O {[%clk 1:29:37]} O-O
{[%clk 1:41:26]} 9. Qe2 {[%clk 1:29:19]} c6 {[%clk 1:39:28]} 10. b3
{[%clk 1:26:35]} Qa5 {[%clk 1:36:33]} 11. Bb2 {[%clk 1:21:29]} b5
{[%clk 1:36:04]} 12. Rfd1 {[%clk 1:20:28]} b4 {[%clk 1:35:01]} 13. Na4
{[%clk 1:16:45]} Re8 {[%clk 1:23:29]} 14. c3 {[%clk 0:57:41]} c5 {[%clk 1:13:23]}
15. Qe1 {[%clk 0:46:34]} Rb8 {[%clk 1:06:13]} 16. Nd2 {[%clk 0:42:09]} Ba6
{[%clk 1:04:21]} 17. Bf1 {[%clk 0:40:02]} Bxf1 {[%clk 1:04:17]} 18. Qxf1
{[%clk 0:40:01]} Qc7 {[%clk 0:55:28]} 19. Qc4 {[%clk 0:33:14]} Qc8
{[%clk 0:51:40]} 20. f3 {[%clk 0:32:44]} h5 {[%clk 0:45:56]} 21. cxb4
{[%clk 0:29:49]} Rxb4 {[%clk 0:45:49]} 22. Qc2 {[%clk 0:29:41]} h4
{[%clk 0:43:37]} 23. Nc4 {[%clk 0:29:41]} Qc6 {[%clk 0:35:17]} 24. Bc3
{[%clk 0:22:37]} Rbb8 {[%clk 0:33:22]} 25. Rd6 {[%clk 0:22:37]} Qc8
{[%clk 0:28:17]} 26. Rad1 {[%clk 0:19:46]} Bf8 {[%clk 0:25:48]} 27. R6d3
{[%clk 0:18:55]} Rb7 {[%clk 0:23:43]} 28. Qd2 {[%clk 0:13:48]} Kh7
{[%clk 0:16:01]} 29. Qg5 {[%clk 0:08:31]} hxg3 {[%clk 0:13:48]} 30. hxg3
{[%clk 0:07:45]} Nh5 {[%clk 0:13:19]} 31. Qg4 {[%clk 0:03:43]} Re6
{[%clk 0:10:33]} 32. Qh3 {[%clk 0:03:24]} Kg8 {[%clk 0:09:32]} 33. Kf2
{[%clk 0:02:38]} Qe8 {[%clk 0:04:09]} 34. Nd6 {[%clk 0:02:19]} Bxd6
{[%clk 0:04:01]} 35. Rxd6 {[%clk 0:02:47]} Rxd6 {[%clk 0:04:17]} 36. Rxd6
{[%clk 0:03:11]} Qe7 {[%clk 0:04:12]} 37. Rc6 {[%clk 0:03:10]} Ng7
{[%clk 0:02:06]} 38. Rc8+ {[%clk 0:02:58]} Ne8 {[%clk 0:02:29]} 39. Qh4
{[%clk 0:02:21]} f6 {[%clk 0:01:37]} 40. Qh6 {[%clk 0:02:02]} Nf8
{[%clk 0:01:42]} 41. Nxc5 {[%clk 0:48:48]} Rc7 {[%clk 0:49:08]} 42. Rxc7
{[%clk 0:46:08]} Qxc7 {[%clk 0:49:25]} 43. Qxf8+ {[%clk 0:44:00]} Kxf8
{[%clk 0:49:40]} 44. Ne6+ {[%clk 0:44:27]} Ke7 {[%clk 0:50:00]} 45. Nxc7
{[%clk 0:44:47]} Nxc7 {[%clk 0:50:27]} 46. Ke3 {[%clk 0:45:02]} Nb5
{[%clk 0:48:28]} 47. Kd3 {[%clk 0:45:01]} Ke6 {[%clk 0:44:43]} 48. a4
{[%clk 0:44:09]} Nd6 {[%clk 0:44:47]} 49. Bb4 {[%clk 0:43:51]} Nb7
{[%clk 0:43:57]} 50. Bd2 {[%clk 0:43:11]} f5 {[%clk 0:44:03]} 51. b4
{[%clk 0:43:22]} a6 {[%clk 0:44:10]} 52. Be3 {[%clk 0:43:01]} Nd6
{[%clk 0:44:05]} 53. Bc5 {[%clk 0:43:08]} fxe4+ {[%clk 0:44:54]} 54. fxe4
{[%clk 0:43:26]} Nf7 {[%clk 0:45:05]} 55. b5 {[%clk 0:43:08]} axb5
{[%clk 0:45:16]} 56. axb5 {[%clk 0:42:50]} Nd8 {[%clk 0:43:57]} 57. Kc4
{[%clk 0:42:54]} Nb7 {[%clk 0:43:54]} 58. Bb4 {[%clk 0:42:20]} g5
{[%clk 0:42:33]} 59. g4 {[%clk 0:41:57]} Kd7 {[%clk 0:41:48]} 60. Kd5
{[%clk 0:40:58]} Kc7 {[%clk 0:42:14]} 61. Kxe5 {[%clk 0:36:36]} Kb6
{[%clk 0:42:40]} 62. Be7 {[%clk 0:36:39]} Kxb5 {[%clk 0:43:00]} 63. Kd5
{[%clk 0:35:34]} 1-0

[Event "Hastings Masters"]
[Site "Horntye, Hastings"]
[Date "2017.12.31"]
[Round "4.26"]
[White "Willow, Jonah B"]
[Black "Ahluwalia, Amardip"]
[Result "1/2-1/2"]
[BlackElo "2004"]
[WhiteElo "2152"]
[LiveChessVersion "1.4.8"]

1. e4 {[%clk 1:40:59]} e5 {[%clk 1:40:34]} 2. Nf3 {[%clk 1:41:21]} Nc6
{[%clk 1:40:35]} 3. Nc3 {[%clk 1:41:46]} Nf6 {[%clk 1:40:31]} 4. Bb5
{[%clk 1:42:12]} Bd6 {[%clk 1:40:09]} 5. a3 {[%clk 1:42:31]} O-O {[%clk 1:39:44]}
6. d3 {[%clk 1:42:57]} Re8 {[%clk 1:38:55]} 7. Bc4 {[%clk 1:41:39]} h6
{[%clk 1:37:54]} 8. Nh4 {[%clk 1:35:59]} Bf8 {[%clk 1:24:50]} 9. O-O
{[%clk 1:23:04]} d6 {[%clk 1:14:28]} 10. h3 {[%clk 1:19:19]} Nd4 {[%clk 1:09:57]}
11. f4 {[%clk 1:11:09]} exf4 {[%clk 1:09:09]} 12. Bxf4 {[%clk 1:01:36]} Ne6
{[%clk 1:00:01]} 13. Bxh6 {[%clk 0:39:45]} gxh6 {[%clk 0:42:32]} 14. Qf3
{[%clk 0:38:56]} Bg7 {[%clk 0:40:29]} 15. Nd5 {[%clk 0:38:25]} Nxd5
{[%clk 0:34:08]} 16. Qxf7+ {[%clk 0:35:49]} Kh8 {[%clk 0:34:30]} 17. Bxd5
{[%clk 0:25:37]} Ng5 {[%clk 0:31:49]} 18. Qh5 {[%clk 0:24:13]} c6
{[%clk 0:28:41]} 19. Bb3 {[%clk 0:18:23]} Be6 {[%clk 0:24:56]} 20. Nf5
{[%clk 0:16:59]} Bxf5 {[%clk 0:20:04]} 21. Rxf5 {[%clk 0:16:53]} Re5
{[%clk 0:18:29]} 22. Raf1 {[%clk 0:14:20]} Qe7 {[%clk 0:16:32]} 23. h4
{[%clk 0:12:12]} Nh7 {[%clk 0:16:55]} 24. g4 {[%clk 0:12:07]} Rxf5
{[%clk 0:16:06]} 25. Rxf5 {[%clk 0:09:13]} Rf8 {[%clk 0:15:35]} 26. Rxf8+
{[%clk 0:03:45]} Qxf8 {[%clk 0:13:38]} 27. c3 {[%clk 0:02:56]} Qf4
{[%clk 0:09:09]} 28. Be6 {[%clk 0:01:57]} Qg3+ {[%clk 0:06:22]} 29. Kh1
{[%clk 0:02:08]} Qf2 {[%clk 0:03:56]} 30. d4 {[%clk 0:01:22]} Qf1+
{[%clk 0:03:46]} 31. Kh2 {[%clk 0:01:50]} Qf4+ {[%clk 0:03:57]} 32. Kh3
{[%clk 0:01:42]} Qe3+ {[%clk 0:02:40]} 33. Kh2 {[%clk 0:02:09]} Qe2+
{[%clk 0:02:24]} 34. Kh3 {[%clk 0:02:04]} Qf3+ {[%clk 0:02:11]} 35. Kh2
{[%clk 0:02:32]} Qe2+ {[%clk 0:02:30]} 36. Kh3 {[%clk 0:02:58]} Qf3+
{[%clk 0:01:43]} 37. Kh2 {[%clk 0:03:27]} Qf4+ {[%clk 0:02:05]} 38. Kg1
{[%clk 0:03:00]} Qe3+ {[%clk 0:01:15]} 39. Kh2 {[%clk 0:03:21]} Qe2+
{[%clk 0:01:13]} 1/2-1/2

[Event "Hastings Masters"]
[Site "Horntye, Hastings"]
[Date "2017.12.31"]
[Round "4.27"]
[White "Munshi, Aditya"]
[Black "Stanisz, Patryk"]
[Result "1/2-1/2"]
[BlackElo "2150"]
[WhiteElo "2001"]
[LiveChessVersion "1.4.8"]

1. e4 {[%clk 1:40:58]} c6 {[%clk 1:40:54]} 2. Nc3 {[%clk 1:40:40]} d5
{[%clk 1:41:15]} 3. Nf3 {[%clk 1:40:56]} Bg4 {[%clk 1:41:24]} 4. h3
{[%clk 1:41:18]} Bxf3 {[%clk 1:41:50]} 5. Qxf3 {[%clk 1:41:42]} e6
{[%clk 1:42:12]} 6. g3 {[%clk 1:41:07]} Nf6 {[%clk 1:40:36]} 7. Bg2
{[%clk 1:41:06]} d4 {[%clk 1:30:21]} 8. Nb1 {[%clk 1:29:52]} e5 {[%clk 1:24:35]}
9. d3 {[%clk 1:21:09]} h6 {[%clk 1:21:57]} 10. a3 {[%clk 1:13:53]} Nbd7
{[%clk 1:17:18]} 11. Nd2 {[%clk 1:12:52]} Bd6 {[%clk 1:14:44]} 12. h4
{[%clk 1:02:56]} b5 {[%clk 1:12:36]} 13. Nf1 {[%clk 0:48:29]} Qc7
{[%clk 1:01:46]} 14. Bd2 {[%clk 0:47:27]} c5 {[%clk 0:57:55]} 15. a4
{[%clk 0:36:42]} bxa4 {[%clk 0:56:52]} 16. Rxa4 {[%clk 0:36:23]} Nb6
{[%clk 0:57:15]} 17. Ra1 {[%clk 0:35:54]} c4 {[%clk 0:54:16]} 18. c3
{[%clk 0:31:23]} Bc5 {[%clk 0:45:28]} 19. dxc4 {[%clk 0:24:32]} Nxc4
{[%clk 0:44:13]} 20. Qd3 {[%clk 0:23:19]} Nxd2 {[%clk 0:44:04]} 21. Nxd2
{[%clk 0:23:07]} O-O {[%clk 0:40:31]} 22. O-O {[%clk 0:22:56]} Rfd8
{[%clk 0:33:01]} 23. Rfc1 {[%clk 0:19:24]} dxc3 {[%clk 0:27:49]} 24. Qxc3
{[%clk 0:19:12]} Bxf2+ {[%clk 0:28:00]} 25. Kxf2 {[%clk 0:18:45]} Qxc3
{[%clk 0:28:28]} 26. bxc3 {[%clk 0:17:56]} Rxd2+ {[%clk 0:28:56]} 27. Kg1
{[%clk 0:18:07]} Rad8 {[%clk 0:18:38]} 28. Rf1 {[%clk 0:10:39]} R8d7
{[%clk 0:10:22]} 29. Rf2 {[%clk 0:08:12]} Rxf2 {[%clk 0:08:29]} 30. Kxf2
{[%clk 0:08:40]} Rd2+ {[%clk 0:08:32]} 31. Kg1 {[%clk 0:08:24]} Rc2
{[%clk 0:08:07]} 32. Rxa7 {[%clk 0:06:19]} Rxc3 {[%clk 0:07:36]} 33. Kh2
{[%clk 0:05:38]} Ng4+ {[%clk 0:04:43]} 34. Kh3 {[%clk 0:05:17]} Nf2+
{[%clk 0:05:12]} 35. Kh2 {[%clk 0:05:46]} Rc2 {[%clk 0:04:37]} 36. Kg1
{[%clk 0:03:44]} g6 {[%clk 0:02:45]} 37. Ra5 {[%clk 0:03:46]} Ng4
{[%clk 0:02:22]} 38. Bh3 {[%clk 0:02:31]} Nf2 {[%clk 0:02:46]} 39. Bg2
{[%clk 0:02:29]} Nd3 {[%clk 0:01:15]} 40. Rd5 {[%clk 0:00:33]} Ne1
{[%clk 0:01:06]} 41. Bh1 {[%clk 0:43:04]} Rc1 {[%clk 0:51:07]} 42. Kh2
{[%clk 0:40:44]} Kg7 {[%clk 0:36:16]} 43. Rxe5 {[%clk 0:32:46]} Rc2+
{[%clk 0:36:22]} 44. Kg1 {[%clk 0:28:40]} Rc3 {[%clk 0:36:32]} 45. Kh2
{[%clk 0:23:52]} Nd3 {[%clk 0:31:59]} 46. Ra5 {[%clk 0:21:59]} Rc2+
{[%clk 0:32:22]} 47. Kg1 {[%clk 0:19:42]} Kf6 {[%clk 0:30:51]} 48. Ra3
{[%clk 0:17:00]} Nc5 {[%clk 0:27:40]} 49. Rf3+ {[%clk 0:14:25]} Ke6
{[%clk 0:27:50]} 50. Bg2 {[%clk 0:08:47]} f6 {[%clk 0:26:42]} 51. h5 gxh5
{[%clk 0:15:18]} 52. Rf5 {[%clk 0:07:15]} Rc4 {[%clk 0:07:16]} 53. Rxh5
{[%clk 0:06:46]} Nxe4 {[%clk 0:07:33]} 54. Bxe4 {[%clk 0:05:32]} Rxe4
{[%clk 0:08:02]} 55. Rxh6 {[%clk 0:03:21]} Kf5 {[%clk 0:08:31]} 56. Rh5+
{[%clk 0:02:57]} Kg6 {[%clk 0:08:46]} 57. Ra5 {[%clk 0:03:16]} Re2
{[%clk 0:09:03]} 58. Kf1 {[%clk 0:02:56]} Rb2 {[%clk 0:09:22]} 59. Kg1
{[%clk 0:02:34]} f5 {[%clk 0:09:51]} 60. Ra4 {[%clk 0:02:23]} Kg5
{[%clk 0:09:38]} 61. Rc4 {[%clk 0:02:02]} Re2 {[%clk 0:10:02]} 62. Ra4
{[%clk 0:01:48]} 1/2-1/2